[Event "Voronezh op-B 22nd"]
[Site "Voronezh"]
[Date "2018.06.19"]
[Round "8"]
[White "Pivina, Mariya"]
[Black "Zisin, Oleg"]
[Result "0-1"]
[WhiteElo "1941"]
[BlackElo "2012"]
[PlyCount "76"]
[EventDate "2018.06.12"]
[EventType "swiss"]
[EventRounds "9"]
[EventCountry "RUS"]
[SourceTitle "CBM 185 Extra"]
[Source "ChessBase"]
[SourceDate "2018.07.29"]
[SourceVersion "1"]
[SourceVersionDate "2018.07.29"]
[SourceQuality "1"]

1. e4 c5 2. Nf3 d6 3. d4 cxd4 4. Nxd4 Nf6 5. Nc3 a6 6. Be3 e5 7. Nb3 Be6 8. h3 Be7 9. g4 h6 10. Qd2 b5 11. 0-0-0 Nbd7 12. f4 b4 13. Nd5 Nxe4 14. Qxb4 Bxd5 15. Rxd5 Ng3 16. Rg1 Nxf1 17. Rxf1 Qc7 18. fxe5 Rc8 19. Qe4 0-0 20. Bf4 dxe5 21. Bxe5 Nxe5 22. Rxe5 Bd6 23. Ref5 Rfe8 24. Qg2 Qc4 25. R5f2 a5 26. Qf3 a4 27. Qxf7+ Qxf7 28. Rxf7 axb3 29. axb3 Re2 30. c3 Bc5 31. Rd7 Rh2 32. Rff7 Bf8 33. Rf3 Re2 34. Rd2 Re4 35. Kc2 Be7 36. Rfd3 Bg5 37. Rf2 Kh7 38. c4 Ree8 0-1

[Event "Voronezh op-B 22nd"]
[Site "Voronezh"]
[Date "2018.06.12"]
[Round "1"]
[White "Ragimli, Deniz"]
[Black "Pivina, Mariya"]
[Result "0-1"]
[WhiteElo "1626"]
[BlackElo "1941"]
[PlyCount "106"]
[EventDate "2018.06.12"]
[EventType "swiss"]
[EventRounds "9"]
[EventCountry "RUS"]
[SourceTitle "CBM 185 Extra"]
[Source "ChessBase"]
[SourceDate "2018.07.29"]
[SourceVersion "1"]
[SourceVersionDate "2018.07.29"]
[SourceQuality "1"]

1. d4 Nf6 2. Bg5 e6 3. Nd2 d5 4. e3 Be7 5. Bd3 0-0 6. Ne2 c5 7. c3 b6 8. 0-0 h6 9. Bh4 Bb7 10. Qb1 Nc6 11. f4 Ng4 12. Bxe7 Nxe7 13. Rf3 f5 14. Qf1 Nc8 15. h3 Nf6 16. Kh2 Nd6 17. Rf2 Nfe4 18. Nxe4 dxe4 19. Bc2 Rc8 20. dxc5 bxc5 21. Rd1 Qe7 22. Ng3 Rfd8 23. Rfd2 Bd5 24. b3 c4 25. b4 Nb5 26. Ne2 Qf6 27. Qe1 Kh7 28. a4 Nxc3 29. Nxc3 Qxc3 30. g4 Qf6 31. Rg2 Bb7 32. g5 Qe7 33. gxh6 gxh6 34. Rxd8 Rxd8 35. Qc3 Bd5 36. Bd1 Rg8 37. Rxg8 Kxg8 38. b5 Qh4 39. Kg2 Kf7 40. Qe5 Qf6 41. Bh5+ Kg7 42. Qc7+ Kg8 43. Qb8+ Qf8 44. Qxa7 c3 45. Qc7 Qg7+ 46. Qxg7+ Kxg7 47. Bd1 Kf6 48. a5 Bc4 49. b6 Ba6 50. Kf2 Ke7 51. Kg3 Kd6 52. Kh4 Bd3 53. Kh5 Be2+ 0-1

[Event "Voronezh op-B 19th"]
[Site "Voronezh"]
[Date "2015.06.14"]
[Round "3"]
[White "Pivina, Mariya"]
[Black "Krivtsov, Alexander"]
[Result "1-0"]
[WhiteElo "1783"]
[BlackElo "1992"]
[PlyCount "81"]
[EventDate "2015.06.12"]
[EventType "swiss"]
[EventRounds "9"]
[EventCountry "RUS"]
[SourceTitle "CBM 167 Extra"]
[Source "ChessBase"]
[SourceDate "2015.09.14"]
[SourceVersion "1"]
[SourceVersionDate "2015.09.14"]
[SourceQuality "1"]

1. e4 e6 2. d4 d5 3. Nc3 Bb4 4. e5 c5 5. a3 cxd4 6. axb4 dxc3 7. Qg4 Ne7 8. Qxg7 Rg8 9. Qxh7 Nbc6 10. f4 cxb2 11. Bxb2 Qb6 12. b5 Nb4 13. Rd1 Qe3+ 14. Ne2 Rg6 15. Rd2 Qe4 16. Kd1 Nf5 17. Qh8+ Ke7 18. Bd4 b6 19. Qh3 Nxc2 20. Rxc2 Nxd4 21. Qa3+ Ke8 22. Rc7 Qb1+ 23. Nc1 Bd7 24. Bd3 Nxb5 25. Bxb1 Nxa3 26. Bxg6 fxg6 27. Rc3 Nc4 28. Nb3 Ba4 29. Ke2 Bxb3 30. Rxb3 a5 31. Rh3 Kd7 32. Rh6 Rg8 33. Rh7+ Kc6 34. Re7 g5 35. Rxe6+ Kd7 36. f5 Rf8 37. g4 Rh8 38. h3 b5 39. Rd1 Rxh3 40. Rxd5+ Kc7 41. Rxb5 1-0

[Event "Moscow op-B (Women)"]
[Site "Moscow"]
[Date "2015.02.06"]
[Round "7"]
[White "Lingur, Zalina"]
[Black "Pivina, Mariya"]
[Result "1-0"]
[WhiteElo "2029"]
[BlackElo "1739"]
[PlyCount "47"]
[EventDate "2015.01.31"]
[EventType "swiss"]
[EventRounds "9"]
[EventCountry "RUS"]
[SourceTitle "CBM 164 Extra"]
[Source "ChessBase"]
[SourceDate "2015.03.02"]
[SourceVersion "1"]
[SourceVersionDate "2015.03.02"]
[SourceQuality "1"]

1. e4 c5 2. Nf3 e6 3. d4 cxd4 4. Nxd4 Nc6 5. Nc3 Qc7 6. Be3 a6 7. f4 Nf6 8. e5 Nd5 9. Nxd5 exd5 10. Qf3 Nxd4 11. Bxd4 Qxc2 12. Bd3 Bb4+ 13. Kf1 Qc6 14. e6 0-0 15. Qh5 h6 16. Qf5 fxe6 17. Qh7+ Kf7 18. Qxg7+ Ke8 19. Ke2 Be7 20. Rac1 Rxf4 21. Rxc6 dxc6 22. Bg6+ Kd8 23. Bb6+ Kd7 24. Bc5 1-0

[Event "Voronezh op-B 18th"]
[Site "Voronezh"]
[Date "2014.06.12"]
[Round "1"]
[White "Alkaev, Ruslan"]
[Black "Pivina, Mariya"]
[Result "1-0"]
[WhiteElo "1983"]
[BlackElo "1678"]
[PlyCount "71"]
[EventDate "2014.06.12"]
[EventType "swiss"]
[EventRounds "9"]
[EventCountry "RUS"]
[SourceTitle "EXT 2015"]
[Source "ChessBase"]
[SourceDate "2014.11.20"]
[SourceVersion "1"]
[SourceVersionDate "2014.11.20"]
[SourceQuality "1"]

1. e4 c5 2. Nc3 e6 3. Nf3 Nc6 4. Bb5 Nge7 5. 0-0 a6 6. Be2 d5 7. exd5 Nxd5 8. Re1 Be7 9. d3 0-0 10. Bf1 b5 11. g3 Bb7 12. Ne4 h6 13. Bg2 Qc7 14. a4 Rfd8 15. Bd2 b4 16. Bc1 c4 17. d4 Na5 18. Ne5 c3 19. Qh5 Bf6 20. bxc3 Bxe5 21. dxe5 bxc3 22. Bxh6 gxh6 23. Rad1 Ne7 24. Qxh6 Bxe4 25. Bxe4 Nf5 26. Qg5+ Kf8 27. Bxa8 Rxa8 28. h4 Nc6 29. Qh5 Rd8 30. Qh8+ Ke7 31. Qf6+ Kf8 32. h5 Nce7 33. h6 Rxd1 34. Rxd1 Ng8 35. Rd8+ Qxd8 36. Qxd8# 1-0